000 00682nam a22002052 4500
001 0000005279
005 20151217155827.0
008 070611s xx 000 0 eng d
040 _aKABU
_cKABU
050 0 _aTS119
_b.K4K46
110 2 _aKenya Industrial Property Institute.
_@0000156482
245 1 0 _aIndustrial designs :
_ban introduction to industrial designs for small and medium-sized enterprises.
260 _aNairobi :
_bKIPI,
_c2005.
300 _a24 p.
650 0 _aDesign, Industrial
_zKenya.
_@0000156483
908 _a070611
950 _@1
999 _c12956
_d12956